00989nam a22002417a 4500003000400000005001700004008004100021020001800062040003000080050002500110100002900135245008200164260003700246300003400283650005400317650005000371650004500421650004900466700003200515942001500547952016800562999001700730OSt20260612120837.0260612b |||||||| |||| 00| 0 eng d a9781412944762 cChuka University Library  aLB 2822.82 .H6 2008  aHord, Shirley M. 928943 aLeading Professional Learning Communities: Voices From Research and Practice  aCalifornia bCorwin Press c2008 aVarious Paging bIllustrated  aSchool Improvement programs-United States 928059 aGroup Work in Education-United States 928944 aEducational Change-United States 928252 aEducational Leadership-United States 927697 aSommers, William A. 928945 2lcccBKn0 00102lcc40708LGLaCHKbCHKcGENd2026-06-12eDonation from Books for Africa g2681.74l0oLB 2822.82 .H6 2008 p34228/2026r2026-06-12 12:09:31w2026-06-12yBK c24155d24155